000 00449nam a2200109Ia 4500
008 160909s9999 xx 000 0 und d
100 _aHansen, Allison
245 _aSocial capital development within a novice district-grown principal preparation program: A case study of the DCPS patterson fellowship
260 _bUniversity of Pennsylvania.
_c2016
650 _aENTREPRENEURSHIP
856 _uhttp://pqdtopen.proquest.com/doc/1802898801.html?FMT=ABS
999 _c304453
_d304453